<?xml version="1.0" encoding="UTF-8"?>
<record
    xmlns:xsi="http://www.w3.org/2001/XMLSchema-instance"
    xsi:schemaLocation="http://www.loc.gov/MARC21/slim http://www.loc.gov/standards/marcxml/schema/MARC21slim.xsd"
    xmlns="http://www.loc.gov/MARC21/slim">

  <leader>00516nam a2200181Ia 4500</leader>
  <controlfield tag="003">OSt</controlfield>
  <controlfield tag="005">20200130161401.0</controlfield>
  <controlfield tag="008">190216s9999||||xx |||||||||||||| ||und||</controlfield>
  <datafield tag="020" ind1=" " ind2=" ">
    <subfield code="a">8127209635</subfield>
  </datafield>
  <datafield tag="040" ind1=" " ind2=" ">
    <subfield code="c">oclc</subfield>
  </datafield>
  <datafield tag="082" ind1=" " ind2=" ">
    <subfield code="a">519.5</subfield>
    <subfield code="b">PAT/Q</subfield>
  </datafield>
  <datafield tag="100" ind1=" " ind2=" ">
    <subfield code="a"> Patri, Digambar</subfield>
    <subfield code="9">1608</subfield>
  </datafield>
  <datafield tag="245" ind1=" " ind2="0">
    <subfield code="a">Quantitative Techniques /</subfield>
    <subfield code="c">Digambar  Patri ; D N Patri</subfield>
  </datafield>
  <datafield tag="250" ind1=" " ind2=" ">
    <subfield code="a">1st ed.</subfield>
  </datafield>
  <datafield tag="260" ind1=" " ind2=" ">
    <subfield code="b">Kalyani Publishers,</subfield>
    <subfield code="a">Ludhiana:</subfield>
    <subfield code="c">2003.</subfield>
  </datafield>
  <datafield tag="300" ind1=" " ind2=" ">
    <subfield code="a">343p</subfield>
  </datafield>
  <datafield tag="942" ind1=" " ind2=" ">
    <subfield code="c">BK</subfield>
    <subfield code="2">ddc</subfield>
    <subfield code="h">519.5</subfield>
    <subfield code="i">PAT/Q</subfield>
    <subfield code="k">519.5</subfield>
    <subfield code="m">PAT/Q</subfield>
  </datafield>
  <datafield tag="952" ind1=" " ind2=" ">
    <subfield code="0">0</subfield>
    <subfield code="1">0</subfield>
    <subfield code="2">ddc</subfield>
    <subfield code="4">0</subfield>
    <subfield code="7">0</subfield>
    <subfield code="8">STATISTICS</subfield>
    <subfield code="a">MES</subfield>
    <subfield code="b">MES</subfield>
    <subfield code="c">STA</subfield>
    <subfield code="d">2019-02-20</subfield>
    <subfield code="g">120.00</subfield>
    <subfield code="l">1</subfield>
    <subfield code="o">519.5 PAT/Q</subfield>
    <subfield code="p">29310</subfield>
    <subfield code="r">2020-01-28 00:00:00</subfield>
    <subfield code="s">2020-01-24</subfield>
    <subfield code="t">3</subfield>
    <subfield code="w">2019-02-20</subfield>
    <subfield code="y">BK</subfield>
    <subfield code="z">GL21R3</subfield>
  </datafield>
  <datafield tag="952" ind1=" " ind2=" ">
    <subfield code="0">0</subfield>
    <subfield code="1">0</subfield>
    <subfield code="2">ddc</subfield>
    <subfield code="4">0</subfield>
    <subfield code="7">0</subfield>
    <subfield code="8">STATISTICS</subfield>
    <subfield code="a">MES</subfield>
    <subfield code="b">MES</subfield>
    <subfield code="c">STA</subfield>
    <subfield code="d">2019-02-20</subfield>
    <subfield code="g">120.00</subfield>
    <subfield code="l">3</subfield>
    <subfield code="m">5</subfield>
    <subfield code="o">519.5 PAT/Q</subfield>
    <subfield code="p">29311</subfield>
    <subfield code="q">2026-05-08</subfield>
    <subfield code="r">2026-03-13 09:15:44</subfield>
    <subfield code="s">2026-03-13</subfield>
    <subfield code="t">4</subfield>
    <subfield code="w">2019-02-20</subfield>
    <subfield code="y">BK</subfield>
    <subfield code="z">GL21R3</subfield>
  </datafield>
  <datafield tag="952" ind1=" " ind2=" ">
    <subfield code="0">0</subfield>
    <subfield code="1">0</subfield>
    <subfield code="2">ddc</subfield>
    <subfield code="4">0</subfield>
    <subfield code="7">0</subfield>
    <subfield code="8">STATISTICS</subfield>
    <subfield code="a">MES</subfield>
    <subfield code="b">MES</subfield>
    <subfield code="c">STA</subfield>
    <subfield code="d">2019-02-20</subfield>
    <subfield code="g">120.00</subfield>
    <subfield code="l">4</subfield>
    <subfield code="m">3</subfield>
    <subfield code="o">519.5 PAT/Q</subfield>
    <subfield code="p">29439</subfield>
    <subfield code="r">2025-11-05 11:34:33</subfield>
    <subfield code="s">2025-10-24</subfield>
    <subfield code="t">2</subfield>
    <subfield code="w">2019-02-20</subfield>
    <subfield code="y">BK</subfield>
    <subfield code="z">GL21R3</subfield>
  </datafield>
  <datafield tag="952" ind1=" " ind2=" ">
    <subfield code="0">0</subfield>
    <subfield code="1">0</subfield>
    <subfield code="2">ddc</subfield>
    <subfield code="4">0</subfield>
    <subfield code="7">0</subfield>
    <subfield code="8">STATISTICS</subfield>
    <subfield code="a">MES</subfield>
    <subfield code="b">MES</subfield>
    <subfield code="c">STA</subfield>
    <subfield code="d">2019-02-20</subfield>
    <subfield code="g">120.00</subfield>
    <subfield code="l">1</subfield>
    <subfield code="o">519.5 PAT/Q</subfield>
    <subfield code="p">29440</subfield>
    <subfield code="r">2020-01-27 00:00:00</subfield>
    <subfield code="s">2020-01-24</subfield>
    <subfield code="t">1</subfield>
    <subfield code="w">2019-02-20</subfield>
    <subfield code="y">BK</subfield>
    <subfield code="z">GL21R3</subfield>
  </datafield>
  <datafield tag="999" ind1=" " ind2=" ">
    <subfield code="c">6841</subfield>
    <subfield code="d">6841</subfield>
  </datafield>
</record>
